[Event "38th Reykjavik op"]
[Site "Reykjavik ISL"]
[Date "2025.04.09"]
[Round "1.150"]
[White "Santoro, Michele"]
[Black "Rosario Almanzar, Raydily"]
[WhiteElo "1649"]
[BlackElo "1888"]
[Result "0-1"]
[EventDate "2025.04.09"]
[PlyCount "114"]

1. d4 Nf6 2. c4 e6 3. Nc3 Bb4 4. f3 c5 5. d5 exd5 6. cxd5 d6 7. e4 O-O 8. Ne2 Nbd7
9. Ng3 Re8 10. Be2 a6 11. a4 Nf8 12. O-O Ng6 13. Bd2 h5 14. Bd3 h4 15. Nge2 Ne5 16.
Bg5 h3 17. g3 Bd7 18. Nf4 c4 19. Bc2 Qb6+ 20. Kh1 Nh7 21. Bh4 g5 22. Bxg5 Nxg5 23.
Nh5 Qd8 24. Qe2 Bc5 25. a5 Nh7 26. Ba4 Ng6 27. f4 Bxa4 28. Nxa4 Bd4 29. Nc3 Qe7 30.
Rae1 Rac8 31. Qg4 Qf8 32. f5 Qh6 33. fxg6 Qxg6 34. Qxg6+ fxg6 35. Nf4 Ng5 36. Nxg6
Bxc3 37. bxc3 Nxe4 38. Kg1 Kg7 39. Nf4 Nxc3 40. Ne6+ Kg8 41. Rf5 Rc7 42. Rg5+ Kh8
43. Rf1 Rh7 44. Nf8 Ne2+ 45. Kh1 Rg7 46. Rxg7 Kxg7 47. Ne6+ Kg8 48. Re1 Nd4 49. Re4
Nxe6 50. dxe6 d5 51. Re5 d4 52. Kg1 d3 53. Kf2 c3 54. Ke1 d2+ 55. Kd1 Rc8 56. Kc2
Rd8 57. Kd1 c2+  0-1

[Event "38th Reykjavik op"]
[Site "Reykjavik ISL"]
[Date "2025.04.09"]
[Round "1.151"]
[White "Kleinert, Juergen"]
[Black "Leosson, Tomas Sindri"]
[WhiteElo "1885"]
[BlackElo "1638"]
[Result "1-0"]
[EventDate "2025.04.09"]
[PlyCount "89"]

1. e4 c6 2. d4 d5 3. e5 c5 4. c3 Nc6 5. Be3 Bf5 6. Qb3 Qd7 7. Nf3 c4 8. Qd1 e6 9.
Nbd2 Rc8 10. Nh4 Nge7 11. g4 Bg6 12. f4 f5 13. Bh3 fxg4 14. Nxg6 Nxg6 15. Qxg4 Kf7
16. Nf3 Be7 17. Rf1 Rhf8 18. O-O-O Nd8 19. Ng5+ Bxg5 20. Qxg5 Kg8 21. f5 Ne7 22.
f6 Ng6 23. fxg7 Qxg7 24. Qh5 b5 25. Bh6 Rxf1 26. Bxg7 Rxd1+ 27. Kxd1 Kxg7 28. Qg5
b4 29. Qf6+ Kh6 30. Bxe6 Nxe6 31. Qxe6 Rf8 32. cxb4 Rf1+ 33. Ke2 Rb1 34. Qh3+ Kg7
35. Qa3 Rh1 36. Qxa7+ Kh6 37. Qa3 Rxh2+ 38. Kf1 Rh4 39. Qe3+ Rf4+ 40. Kg2 Kg7 41.
b5 Rf7 42. a4 Ra7 43. Qa3 Nf4+ 44. Kh2 Ne6 45. b6  1-0

[Event "38th Reykjavik op"]
[Site "Reykjavik ISL"]
[Date "2025.04.09"]
[Round "1.152"]
[White "Alguno Openia, Tristan Nash"]
[Black "Hallmundarson, Birkir"]
[WhiteElo "1624"]
[BlackElo "1882"]
[Result "0-1"]
[EventDate "2025.04.09"]
[PlyCount "88"]

1. d4 Nf6 2. c4 e6 3. Nf3 d5 4. Bg5 Bb4+ 5. Nc3 O-O 6. e3 h6 7. Bh4 b6 8. Be2 Bb7
9. O-O Qe7 10. Rc1 dxc4 11. Bxc4 Rd8 12. Qe2 c5 13. Rfd1 cxd4 14. Nxd4 Nc6 15. Nxc6
Bxc6 16. Bb5 Bb7 17. Bd3 Rac8 18. Be4 Rxd1+ 19. Rxd1 Bxc3 20. Bxb7 Qxb7 21. bxc3
Rxc3 22. Bxf6 gxf6 23. h3 Qe4 24. Rd4 Rc1+ 25. Rd1 Qc4 26. Qxc4 Rxc4 27. Rd8+ Kg7
28. Rd2 Rc1+ 29. Kh2 a5 30. Rb2 Ra1 31. Kg3 a4 32. Rxb6 Rxa2 33. Ra6 a3 34. f4 Ra1
35. e4 Kf8 36. e5 fxe5 37. fxe5 Kg7 38. Kf3 Kg6 39. g4 h5 40. Ra8 hxg4+ 41. hxg4
a2 42. Rg8+ Kh7 43. Ra8 Rf1+ 44. Ke2 a1=Q  0-1

[Event "38th Reykjavik op"]
[Site "Reykjavik ISL"]
[Date "2025.04.09"]
[Round "1.153"]
[White "Roth,Jonas"]
[Black "Seshadri,Sridhar"]
[WhiteElo "1881"]
[BlackElo "1623"]
[Result "1-0"]
[EventDate "2025.04.09"]
[PlyCount "75"]

1. d4 Nf6 2. c4 e6 3. a3 c5 4. e3 d5 5. Nf3 Be7 6. Be2 O-O 7. O-O b6 8. Nc3 Bb7 9.
dxc5 Bxc5 10. b4 Be7 11. cxd5 Nxd5 12. Nxd5 Bxd5 13. Bb2 Bf6 14. Nd4 Bb7 15. Rc1
a6 16. Bf3 Qe7 17. Qe2 Bxf3 18. Qxf3 Ra7 19. Rc2 Rc7 20. Nf5 exf5 21. Bxf6 gxf6 22.
Qg3+ Kh8 23. Qxc7 Qe6 24. Rd1 Kg7 25. Rd6 Qe5 26. Rd4 Qb5 27. Qg3+ Kh8 28. Qd6 Kg7
29. Rcc4 a5 30. Qg3+ Kh8 31. Rh4 f4 32. Qxf4 Qg5 33. Qd6 Rg8 34. Rhg4 Qf5 35. Rxg8+
Kxg8 36. Qxb8+ Kg7 37. Rc1 axb4 38. axb4  1-0

[Event "38th Reykjavik op"]
[Site "Reykjavik ISL"]
[Date "2025.04.09"]
[Round "1.154"]
[White "Gudbrandsson, Thor Jokull"]
[Black "Toth, Kincso"]
[WhiteElo "1622"]
[BlackElo "1881"]
[Result "0-1"]
[EventDate "2025.04.09"]
[PlyCount "92"]

1. f4 d5 2. Nf3 Nf6 3. e3 Bg4 4. h3 Bxf3 5. Qxf3 Nbd7 6. g4 e6 7. Nc3 Bb4 8. g5 Bxc3
9. bxc3 Ne4 10. Rb1 Rb8 11. Bb2 c5 12. Bb5 Qa5 13. Bxd7+ Kxd7 14. Qg2 Qxa2 15. O-O
Nd6 16. d3 h6 17. c4 Nf5 18. Qf3 d4 19. exd4 cxd4 20. c3 b5 21. c5 Qd5 22. Qxd5+
exd5 23. g6 fxg6 24. Ra1 Ra8 25. Ra6 Ne7 26. Re1 Nc6 27. cxd4 Rhf8 28. Rf1 Rae8 29.
Rf3 Re2 30. Bc3 b4 31. Bxb4 Nxb4 32. Rxa7+ Ke6 33. Rxg7 Kf6 34. Rb7 Nc6 35. Rb6 Re6
36. f5 gxf5 37. Rf4 Rg8+ 38. Kf2 Rb8 39. Rxb8 Nxb8 40. Kf3 Nc6 41. Rh4 Kg6 42. Kf2
Nb4 43. Kf1 Kg5 44. c6 Nxc6 45. Kf2 Kxh4 46. Kf3 Nxd4+  0-1

[Event "38th Reykjavik op"]
[Site "Reykjavik ISL"]
[Date "2025.04.09"]
[Round "1.155"]
[White "Isleifsson, Runar"]
[Black "Balyan, Vardan"]
[WhiteElo "1879"]
[BlackElo "1621"]
[Result "0-1"]
[EventDate "2025.04.09"]
[PlyCount "84"]

1. e4 c6 2. d4 d5 3. e5 Bf5 4. Bd3 Bxd3 5. Qxd3 e6 6. Ne2 c5 7. c3 Nc6 8. O-O cxd4
9. cxd4 Nge7 10. Be3 Nf5 11. Nbc3 Be7 12. a3 O-O 13. b4 a6 14. Na4 Qe8 15. Nc5 Qc8
16. Rfc1 Qc7 17. Rc2 Bxc5 18. Rxc5 Qd7 19. Rac1 Rac8 20. b5 axb5 21. Qxb5 Nxe3 22.
fxe3 f6 23. exf6 Rxf6 24. Nf4 Rcf8 25. Rb1 g5 26. Nd3 Qf7 27. Rcc1 Qg6 28. Nc5 R6f7
29. Nxb7 Nxd4 30. exd4 Qe4 31. Nc5 Qxd4+ 32. Kh1 Rf2 33. Qd3 Qg4 34. Qg3 Qf5 35.
h3 e5 36. Qg4 Qxg4 37. hxg4 e4 38. Re1 Re8 39. Rf1 Rxf1+ 40. Rxf1 e3 41. Kg1 d4 42.
Rd1 e2  0-1

[Event "38th Reykjavik op"]
[Site "Reykjavik ISL"]
[Date "2025.04.09"]
[Round "1.156"]
[White "Akason, Aevar"]
[Black "Hauksdottir, Hrund"]
[WhiteElo "1612"]
[BlackElo "1875"]
[Result "0-1"]
[EventDate "2025.04.09"]
[PlyCount "76"]

1. d4 d5 2. c4 e6 3. cxd5 exd5 4. a3 a5 5. Nc3 Nf6 6. Bg5 c6 7. e3 Bd6 8. Be2 O-O
9. Nf3 Re8 10. Qc2 Nbd7 11. O-O h6 12. Bh4 g5 13. Nxg5 hxg5 14. Bxg5 Be7 15. Bf3
Ne4 16. Nxe4 dxe4 17. Bxe7 Qxe7 18. Bh5 Nf6 19. Qe2 Nxh5 20. Qxh5 Kg7 21. f4 Rh8
22. Qe5+ Qxe5 23. dxe5 Be6 24. h3 Rad8 25. f5 Bc4 26. Rf4 Rd2 27. Rc1 Bd5 28. Rf2
Rxf2 29. Kxf2 Rh5 30. g4 Rxh3 31. Rg1 Rh2+ 32. Rg2 Rxg2+ 33. Kxg2 Kh6 34. b4 axb4
35. axb4 Kg5 36. Kg3 b6 37. e6 fxe6 38. fxe6 Bxe6  0-1

[Event "38th Reykjavik op"]
[Site "Reykjavik ISL"]
[Date "2025.04.09"]
[Round "1.157"]
[White "B. Berglindardottir, Emilia Embla"]
[Black "Hafthorsson, Jon Ulfur"]
[WhiteElo "1606"]
[BlackElo "1872"]
[Result "0-1"]
[EventDate "2025.04.09"]
[PlyCount "76"]

1. d4 Nf6 2. c4 g6 3. Nc3 Bg7 4. e4 d6 5. Nf3 O-O 6. Bd3 e5 7. dxe5 dxe5 8. Bg5 Bg4
9. O-O c6 10. b4 Nbd7 11. h3 Bxf3 12. Qxf3 Re8 13. Rfd1 Qe7 14. a3 Nf8 15. Qg3 Ne6
16. Bh4 Nd4 17. Ne2 Nxe2+ 18. Bxe2 Nxe4 19. Qg4 Nf6 20. Qf3 Qe6 21. c5 e4 22. Qf4
Nd5 23. Qg3 Bxa1 24. Rxa1 e3 25. f4 Nc3 26. Bg4 f5 27. Bf3 a5 28. Qe1 axb4 29. axb4
Rxa1 30. Qxa1 e2 31. Be1 Qe3+ 32. Kh1 Qd3 33. Qa3 Qc4 34. g3 Nd5 35. Qb2 Nxb4 36.
Bxb4 Qxb4 37. Qa2+ Kf8 38. Bxe2 Qe1+  0-1

[Event "38th Reykjavik op"]
[Site "Reykjavik ISL"]
[Date "2025.04.09"]
[Round "1.158"]
[White "Frey, Charles F"]
[Black "Ernisson, Petur Ulfar"]
[WhiteElo "1871"]
[BlackElo "1602"]
[Result "0-1"]
[EventDate "2025.04.09"]
[PlyCount "52"]

1. e4 e5 2. f4 d5 3. Nf3 dxe4 4. Nxe5 Nd7 5. Qe2 Nxe5 6. Qxe4 Qe7 7. Qxe5 Qxe5+ 8.
fxe5 Bd7 9. Bc4 O-O-O 10. c3 f6 11. exf6 Nxf6 12. O-O Bd6 13. d4 Rde8 14. h3 Nh5
15. Nd2 Ng3 16. Rd1 Rhf8 17. Nf3 Bxh3 18. gxh3 Rxf3 19. Bd2 Ne4 20. Be1 Ref8 21.
h4 R8f6 22. h5 Kd7 23. Be2 R3f4 24. c4 R6f5 25. Rd3 Rg5+ 26. Kh1 Nf2+  0-1

[Event "38th Reykjavik op"]
[Site "Reykjavik ISL"]
[Date "2025.04.09"]
[Round "1.159"]
[White "Pacin, Ondrej"]
[Black "Hermannsson, Sigurbjorn"]
[WhiteElo "1598"]
[BlackElo "1870"]
[Result "0-1"]
[EventDate "2025.04.09"]
[PlyCount "60"]

1. e4 c5 2. Nf3 Nc6 3. c3 d5 4. exd5 Qxd5 5. d4 e6 6. Be3 cxd4 7. cxd4 Bb4+ 8. Nc3
Qa5 9. Qc2 Nf6 10. Bd3 Nd5 11. Bd2 Bxc3 12. bxc3 Bd7 13. O-O Qc7 14. Rfe1 Rc8 15.
Rac1 h6 16. Ne5 O-O 17. Nxd7 Qxd7 18. Be4 Nxd4 19. Qd3 Nc6 20. Qg3 Kh8 21. Bxh6 gxh6
22. Qh3 f5 23. Qxh6+ Qh7 24. Qxh7+ Kxh7 25. Bf3 Rfe8 26. c4 Nf6 27. g3 e5 28. Bg2
b6 29. Bh3 Nd4 30. Re3 Nd5  0-1

[Event "38th Reykjavik op"]
[Site "Reykjavik ISL"]
[Date "2025.04.09"]
[Round "1.160"]
[White "Hallsson, Jon Eggert"]
[Black "Hausberg, Volkmar-Dirk"]
[WhiteElo "1869"]
[BlackElo "1593"]
[Result "1-0"]
[EventDate "2025.04.09"]
[PlyCount "49"]

1. e4 c5 2. c3 e5 3. d4 cxd4 4. cxd4 exd4 5. Nf3 d5 6. Qxd4 Nf6 7. e5 Nc6 8. Bb5
Ng4 9. O-O a6 10. Bxc6+ bxc6 11. h3 Nh6 12. Bxh6 gxh6 13. e6 f6 14. Qg4 Qe7 15. Nd4
Bb7 16. Nf5 Qc7 17. Re1 Be7 18. Qh5+ Kd8 19. Nc3 Kc8 20. Nxd5 cxd5 21. Rac1 Bc6 22.
Rxc6 Bb4 23. Rxc7+ Kxc7 24. Rc1+ Kb7 25. Qf7+  1-0

[Event "38th Reykjavik op"]
[Site "Reykjavik ISL"]
[Date "2025.04.09"]
[Round "1.161"]
[White "Hildebrandt, Paul"]
[Black "Adair, Derek"]
[WhiteElo "1587"]
[BlackElo "1865"]
[Result "0-1"]
[EventDate "2025.04.09"]
[PlyCount "112"]

1. e4 c5 2. d4 cxd4 3. c3 dxc3 4. Nxc3 Nc6 5. Nf3 e6 6. Bc4 Na5 7. Be2 Bb4 8. Qc2
Qc7 9. Bd2 Bxc3 10. Bxc3 Nf6 11. O-O b6 12. Rac1 O-O 13. Bxf6 Qxc2 14. Rxc2 gxf6
15. Rd1 a6 16. Rc7 Nc6 17. Rd6 b5 18. Nd2 Ne7 19. Nb3 f5 20. Bf3 Rb8 21. Nc5 Rd8
22. Nxd7 Bxd7 23. Rdxd7 Rxd7 24. Rxd7 Rc8 25. h4 fxe4 26. Bxe4 Ng6 27. g3 Ne5 28.
Ra7 Rc4 29. Ba8 Ra4 30. a3 Nd3 31. Bf3 Nxb2 32. Bh5 Rxa3 33. Bxf7+ Kg7 34. Bxe6+
Kf6 35. Bd7 b4 36. Bc6 Nd3 37. Be4 Nc5 38. Bxh7 b3 39. Rc7 Ra5 40. Rc6+ Ke5 41. f4+
Kd5 42. Rb6 Rb5 43. Rxb5 axb5 44. Bb1 Na4 45. h5 Ke6 46. h6 Kf6 47. Kf2 Nc3 48. Bd3
b2 49. Ke3 b1=Q 50. Bxb1 Nxb1 51. g4 b4 52. Kd3 Nc3 53. Kc4 Nd5 54. Kxd5 b3 55. h7
Kg7 56. Kc4 b2  0-1

[Event "38th Reykjavik op"]
[Site "Reykjavik ISL"]
[Date "2025.04.09"]
[Round "1.162"]
[White "Briem, Gudrun Fanney"]
[Black "Eustratiadis, Panagiotis"]
[WhiteElo "1863"]
[BlackElo "1579"]
[Result "1-0"]
[EventDate "2025.04.09"]
[PlyCount "81"]

1. d4 e6 2. c4 c5 3. d5 exd5 4. cxd5 d6 5. Nc3 g6 6. g3 Bg7 7. Bg2 Nf6 8. Nf3 O-O
9. O-O Bd7 10. a4 a6 11. a5 b5 12. axb6 Qxb6 13. Re1 a5 14. Nd2 Qb4 15. e4 Ng4 16.
Ra3 a4 17. Nf3 Re8 18. h3 Ne5 19. Nxe5 Bxe5 20. Qc2 Na6 21. Bd2 Qd4 22. Be3 Nb4 23.
Qc1 Nd3 24. Qd2 Qc4 25. Rd1 Nxb2 26. Qxb2 Reb8 27. Qe2 Qb4 28. Nb1 Bb2 29. Bc1 Bxa3
30. Nxa3 Qb3 31. Re1 Re8 32. Qd2 c4 33. Qf4 Re5 34. Qf6 Qb4 35. Rf1 g5 36. f4 Qc5+
37. Kh2 gxf4 38. gxf4 Rh5 39. Bb2 Kf8 40. Qh8+ Ke7 41. Bf6#  1-0

[Event "38th Reykjavik op"]
[Site "Reykjavik ISL"]
[Date "2025.04.09"]
[Round "1.163"]
[White "Egilsson, Kristofer Arni"]
[Black "Leosson, Haukur Vidis"]
[WhiteElo "1569"]
[BlackElo "1863"]
[Result "0-1"]
[EventDate "2025.04.09"]
[PlyCount "63"]

1. d4 d5 2. c4 e6 3. Nc3 Nf6 4. Bg5 Be7 5. Nf3 O-O 6. e3 c6 7. Bd3 Nbd7 8. O-O h6
9. Bh4 a6 10. a4 Re8 11. c5 b6 12. b4 a5 13. bxa5 bxc5 14. dxc5 Nxc5 15. Nd4 Bd7
16. Na2 Rxa5 17. Nb4 Qc8 18. Qd2 Nxd3 19. Nxd3 Qa8 20. Ne5 Ne4 21. Qc2 Bxh4 22. Nxd7
c5 23. Nb5 Qc8 24. Ne5 Bf6 25. f3 Bxe5 26. fxe4 Bxa1 27. Rxa1 Rf8 28. exd5 exd5 29.
Qc3 Ra6 30. Rd1 Rg6 31. a5 Qg4 32. g3  0-1

[Event "38th Reykjavik op"]
[Site "Reykjavik ISL"]
[Date "2025.04.09"]
[Round "1.164"]
[White "Nergard, Ole-Kristian"]
[Black "Borne, Maxim"]
[WhiteElo "1863"]
[BlackElo "1569"]
[Result "1-0"]
[EventDate "2025.04.09"]
[PlyCount "93"]

1. c4 Nf6 2. g3 g6 3. Nf3 Bg7 4. Bg2 O-O 5. d4 d6 6. Nc3 Nbd7 7. O-O e5 8. e4 c5
9. d5 a6 10. a4 Ne8 11. Bg5 f6 12. Bd2 f5 13. exf5 gxf5 14. Bg5 Ndf6 15. Qd2 e4 16.
Nh4 Qc7 17. f3 exf3 18. Rxf3 Ng4 19. Bf4 Ne5 20. Bxe5 Bxe5 21. Raf1 Ng7 22. Bh3 Qf7
23. Qg5 Bf6 24. Qh6 Be5 25. Bxf5 Bxf5 26. Nxf5 Nxf5 27. Rxf5 Qxf5 28. Rxf5 Rxf5 29.
Qe6+ Rf7 30. Ne4 Rd8 31. Ng5 Rd7 32. Nxf7 Rxf7 33. Kg2 Kg7 34. h4 Rf6 35. Qe7+ Rf7
36. Qg5+ Kh8 37. h5 Rg7 38. Qd8+ Rg8 39. Qd7 Rxg3+ 40. Kf2 Rb3 41. h6 Rxb2+ 42. Kf3
Rb3+ 43. Ke4 Rg3 44. Qxb7 Rg4+ 45. Ke3 Kg8 46. Qc8+ Kf7 47. Qxg4  1-0

[Event "38th Reykjavik op"]
[Site "Reykjavik ISL"]
[Date "2025.04.09"]
[Round "1.165"]
[White "Proudfoot, Andy"]
[Black "Albersmann, Rene"]
[WhiteElo "1568"]
[BlackElo "1859"]
[Result "0-1"]
[EventDate "2025.04.09"]
[PlyCount "108"]

1. d4 d5 2. Nf3 e6 3. e3 f5 4. c4 c6 5. Nc3 Nf6 6. c5 Be7 7. Bd3 O-O 8. Bd2 Ne4 9.
Qc2 Nd7 10. O-O Qe8 11. b4 g5 12. h3 Qh5 13. Be2 Qg6 14. Nxe4 fxe4 15. Ne5 Nxe5 16.
dxe5 Qg7 17. Bc3 Bd7 18. f4 exf3 19. Bxf3 Rf7 20. Bh5 Rxf1+ 21. Rxf1 Rf8 22. Rxf8+
Bxf8 23. Qf2 Qe7 24. Qf6 h6 25. Qxe7 Bxe7 26. Kf2 Kf8 27. Bf3 Be8 28. g4 Bg6 29.
Ke2 Ke8 30. Kd2 Kd8 31. Bd1 Be4 32. Ke2 Kc7 33. Kf2 b6 34. cxb6+ axb6 35. Bf3 Bb1
36. a3 Bc2 37. Ke2 c5 38. Kd2 Ba4 39. Bd1 Bxd1 40. Kxd1 cxb4 41. Bxb4 Bc5 42. Kd2
Kc6 43. Kd3 Kb5 44. Bxc5 bxc5 45. Kc3 Ka4 46. Kb2 c4 47. Kc3 Kxa3 48. e4 dxe4 49.
Kxc4 Kb2 50. Kd4 Kb3 51. Kxe4 Kc4 52. Kf3 Kd4 53. Kg3 Kxe5 54. h4 Ke4  0-1

[Event "38th Reykjavik op"]
[Site "Reykjavik ISL"]
[Date "2025.04.09"]
[Round "1.166"]
[White "Van Meter, Lester"]
[Black "Jonsdottir, Katrin Maria"]
[WhiteElo "1857"]
[BlackElo "1565"]
[Result "1-0"]
[EventDate "2025.04.09"]
[PlyCount "113"]

1. c4 e5 2. Nc3 f5 3. g3 Nc6 4. Bg2 d6 5. d3 Be6 6. b4 Rb8 7. Qa4 Bd7 8. b5 Nd4 9.
e3 Ne6 10. Qc2 Nf6 11. Nge2 g6 12. a4 a5 13. O-O Bg7 14. Bb2 O-O 15. Rad1 c6 16.
f4 Ng4 17. Qd2 Nc5 18. h3 Nb3 19. Qc2 Nxe3 20. Qxb3 Nxf1 21. Rxf1 Kh8 22. Qd1 Qb6+
23. Kh2 Rfe8 24. Bc1 Rbd8 25. Bd2 Be6 26. bxc6 bxc6 27. Qc1 d5 28. cxd5 cxd5 29.
fxe5 Bxe5 30. Nf4 d4 31. Nb5 Kg7 32. Nxe6+ Rxe6 33. Bh6+ Kh8 34. Qa3 Bd6 35. Nxd6
Rdxd6 36. Rc1 Rd8 37. Bg5 Rde8 38. Qc5 Qb4 39. Rc4 Qb2 40. Qxd4+ Qxd4 41. Rxd4 Re2
42. Rd8 Rxd8 43. Bxd8 Ra2 44. Bxa5 Rxa4 45. Bc3+ Kg8 46. Bd5+ Kf8 47. Bc4 Ke7 48.
Kg2 Kd6 49. Kf3 Ra7 50. Ke3 h6 51. Kf4 Ra8 52. h4 Re8 53. Bg7 h5 54. Bd4 Kc6 55.
Kg5 Rd8 56. Be5 Re8 57. Kf6  1-0

[Event "38th Reykjavik op"]
[Site "Reykjavik ISL"]
[Date "2025.04.09"]
[Round "1.167"]
[White "Steingrimsson, Bjoergvin"]
[Black "Magnusson, Gisli"]
[WhiteElo "1564"]
[BlackElo "1857"]
[Result "0-1"]
[EventDate "2025.04.09"]
[PlyCount "114"]

1. c4 e6 2. Nc3 d5 3. cxd5 exd5 4. d4 Bf5 5. Nf3 c6 6. Bf4 Bd6 7. Bxd6 Qxd6 8. Qd2
Nf6 9. e3 Nbd7 10. g3 Ne4 11. Nxe4 Bxe4 12. Bg2 O-O 13. O-O a5 14. b3 a4 15. bxa4
Rxa4 16. Rac1 Rfa8 17. Rc3 Qb4 18. Rb3 Qxd2 19. Nxd2 Bxg2 20. Kxg2 b5 21. Rb2 Nb6
22. Rc2 Nc4 23. Nb3 Ra3 24. Nc5 Kf8 25. h4 Ke7 26. Re2 Kd6 27. e4 Re8 28. e5+ Ke7
29. Ree1 Kf8 30. f4 Rea8 31. e6 Rxa2+ 32. Kh3 R8a7 33. e7+ Rxe7 34. Rxe7 Kxe7 35.
f5 Ra7 36. Kg2 Ke8 37. Kh3 Re7 38. Ra1 Rc7 39. Ra8+ Ke7 40. Rg8 g6 41. fxg6 hxg6
42. g4 Nd6 43. h5 gxh5 44. gxh5 Rc8 45. Rg5 Kf6 46. Re5 Re8 47. Nd7+ Kg7 48. Rg5+
Kh6 49. Rg3 Ne4 50. Rg2 Kxh5 51. Ne5 Ng5+ 52. Kh2 Re6 53. Kg3 Kh6 54. Rh2+ Kg7 55.
Ng4 f6 56. Rd2 Ne4+ 57. Kf4 Nxd2  0-1

[Event "38th Reykjavik op"]
[Site "Reykjavik ISL"]
[Date "2025.04.09"]
[Round "1.168"]
[White "Skjoldebrand, Martin"]
[Black "Billman, Brian"]
[WhiteElo "1856"]
[BlackElo "1561"]
[Result "1-0"]
[EventDate "2025.04.09"]
[PlyCount "93"]

1. d4 Nf6 2. Bg5 g6 3. Bxf6 exf6 4. e3 Bg7 5. Bd3 d5 6. Ne2 Nd7 7. h4 a6 8. h5 gxh5
9. Nf4 Nb6 10. Nxh5 Bh6 11. Ng3 Bg7 12. Rxh7 Rxh7 13. Bxh7 Qe7 14. c3 Nc4 15. b3
Nxe3 16. fxe3 Bh6 17. Nf5 Bxf5 18. Bxf5 Kf8 19. e4 c5 20. Kf2 dxe4 21. Qh5 Kg7 22.
Qg4+ Bg5 23. Qxe4 Re8 24. Qxe7 Rxe7 25. dxc5 Be3+ 26. Kf1 Bxc5 27. Nd2 Re5 28. g4
Re3 29. Ne4 Ba3 30. Re1 Rh3 31. Kg2 Rd3 32. Re2 Rd8 33. Rd2 Re8 34. Kf3 b6 35. b4
a5 36. bxa5 bxa5 37. Rd5 Re5 38. Rxe5 fxe5 39. Ke3 f6 40. Kd3 Be7 41. a4 Kf8 42.
Kc4 Ke8 43. Kb5 Bd8 44. Kc6 Ke7 45. Nc5 Kf7 46. Nb7 Be7 47. Nxa5  1-0

[Event "38th Reykjavik op"]
[Site "Reykjavik ISL"]
[Date "2025.04.09"]
[Round "1.169"]
[White "Kaalinnguaq Thorleifsen, Thomas"]
[Black "Jonsson, Olafur Gisli"]
[WhiteElo "1552"]
[BlackElo "1856"]
[Result "0-1"]
[EventDate "2025.04.09"]
[PlyCount "83"]

1. e4 c5 2. c3 d6 3. d4 cxd4 4. cxd4 g6 5. Nc3 Bg7 6. f4 e6 7. Nf3 Ne7 8. Be2 a6
9. Be3 O-O 10. O-O b5 11. a3 Bb7 12. Qe1 d5 13. e5 Nbc6 14. Rc1 Na5 15. Bf2 Nc4 16.
Rc2 Rc8 17. g4 Qa5 18. Bxc4 Rxc4 19. Be3 b4 20. axb4 Qxb4 21. Qh4 Nc6 22. Rd2 Qe7
23. Qh3 Na5 24. Ng5 h6 25. Nf3 Rc7 26. f5 exf5 27. gxf5 g5 28. Bf2 Nc4 29. f6 Bxf6
30. exf6 Qxf6 31. Re2 Bc8 32. Qh5 Be6 33. Bg3 Rcc8 34. Ne5 Qg7 35. Ng4 Qxd4+ 36.
Nf2 Kh7 37. Kg2 Ne3+ 38. Rxe3 Qxe3 39. Qf3 Qxf3+ 40. Kxf3 d4 41. Nce4 f5 42. Bd6
 0-1

[Event "38th Reykjavik op"]
[Site "Reykjavik ISL"]
[Date "2025.04.09"]
[Round "1.170"]
[White "Rajkumar, Daniel"]
[Black "Schouten, Ken Ronny"]
[WhiteElo "1855"]
[BlackElo "1550"]
[Result "1-0"]
[EventDate "2025.04.09"]
[PlyCount "51"]

1. d4 d5 2. Nf3 Nf6 3. Bf4 c5 4. e3 Nc6 5. c3 cxd4 6. exd4 Bg4 7. Nbd2 e6 8. Bd3
Bd6 9. Bxd6 Qxd6 10. h3 Bxf3 11. Nxf3 O-O 12. O-O a6 13. a4 Rfc8 14. Re1 h6 15. Ne5
Nd7 16. f4 Ndxe5 17. fxe5 Qc7 18. Qh5 Qe7 19. h4 Rc7 20. Re3 Rf8 21. Rf1 Qe8 22.
Rf6 Ne7 23. Rxh6 gxh6 24. Rg3+ Ng6 25. Qxh6 f5 26. Rxg6+  1-0

[Event "38th Reykjavik op"]
[Site "Reykjavik ISL"]
[Date "2025.04.09"]
[Round "1.171"]
[White "Patel, Parisa"]
[Black "Belic, Nebojsa"]
[WhiteElo "1498"]
[BlackElo "1850"]
[Result "0-1"]
[EventDate "2025.04.09"]
[PlyCount "96"]

1. e4 b6 2. d4 Bb7 3. Nc3 e6 4. Nf3 Bb4 5. Bd2 Bxc3 6. Bxc3 Bxe4 7. Bd3 Nf6 8. O-O
O-O 9. Re1 d5 10. Bb4 Re8 11. c4 Nc6 12. Bc3 h6 13. Rc1 a5 14. a3 Rc8 15. h3 Bxd3
16. Qxd3 Ne7 17. Ne5 dxc4 18. Qxc4 Qd5 19. f3 Qxc4 20. Nxc4 Nfd5 21. Ne5 f6 22. Ng4
Kf7 23. Ne3 Nxe3 24. Rxe3 Nd5 25. Re2 c5 26. Rcc2 Nxc3 27. bxc3 cxd4 28. cxd4 Rxc2
29. Rxc2 Rd8 30. Rd2 e5 31. d5 Ke7 32. Kf2 Kd6 33. Ke3 f5 34. g4 g6 35. Kd3 Kc5 36.
Ke3 Rxd5 37. Rxd5+ Kxd5 38. f4 exf4+ 39. Kxf4 fxg4 40. hxg4 b5 41. Ke3 b4 42. axb4
axb4 43. Kd3 Ke5 44. Kc4 Kf4 45. Kxb4 Kxg4 46. Kc4 Kf4 47. Kd5 h5 48. Kd4 h4  0-1

[Event "38th Reykjavik op"]
[Site "Reykjavik ISL"]
[Date "2025.04.09"]
[Round "1.172"]
[White "Arnalds, Stefan"]
[Black "Olszewski, Milosz Ulfur"]
[WhiteElo "1850"]
[BlackElo "1497"]
[Result "1-0"]
[EventDate "2025.04.09"]
[PlyCount "79"]

1. e4 c5 2. b3 Nc6 3. Bb2 e5 4. g3 d6 5. Bg2 f5 6. d3 Nf6 7. Ne2 Be7 8. O-O fxe4
9. dxe4 b5 10. Nbc3 b4 11. Nd5 Ba6 12. a3 Bxe2 13. Qxe2 bxa3 14. Nxf6+ Bxf6 15. Rxa3
O-O 16. Rd1 Qd7 17. Qc4+ Kh8 18. Qxc5 dxc5 19. Rxd7 Nd4 20. Bxd4 cxd4 21. Raxa7 h6
22. Bf1 Rxa7 23. Rxa7 Rb8 24. Bc4 Rb4 25. h4 g6 26. Ra5 g5 27. hxg5 hxg5 28. Rb5
Rxb5 29. Bxb5 Kg8 30. Kg2 g4 31. Bd7 Kf8 32. Bxg4 Bg5 33. b4 Ke7 34. Be2 Kd6 35.
b5 Kc5 36. Kf3 Bf6 37. Kg4 Bd8 38. Kf5 Bc7 39. f4 exf4 40. gxf4  1-0

[Event "38th Reykjavik op"]
[Site "Reykjavik ISL"]
[Date "2025.04.09"]
[Round "1.173"]
[White "Ishitsu, Mike"]
[Black "Bjarnason, Kristinn"]
[WhiteElo "1486"]
[BlackElo "1849"]
[Result "0-1"]
[EventDate "2025.04.09"]
[PlyCount "60"]

1. e4 c6 2. d4 d5 3. Nd2 dxe4 4. Nxe4 Nf6 5. Nxf6+ exf6 6. c3 Bd6 7. Bd3 O-O 8. Qc2
Re8+ 9. Ne2 h6 10. Be3 Be6 11. c4 Nd7 12. O-O-O Rc8 13. Kb1 Qa5 14. Nc3 Nb8 15. h4
Na6 16. a3 b5 17. c5 Be7 18. Bd2 Qd8 19. Ne2 Nc7 20. g4 Nd5 21. Rdg1 Rb8 22. b3 b4
23. a4 Nc3+ 24. Kc1 Nxe2+ 25. Bxe2 Qxd4 26. Be3 Qa1+ 27. Kd2 Red8+ 28. Bd3 Qc3+ 29.
Ke2 Qxb3 30. f4 Rxd3  0-1

[Event "38th Reykjavik op"]
[Site "Reykjavik ISL"]
[Date "2025.04.09"]
[Round "1.174"]
[White "Haraldsson, Leif"]
[Black "Tomasdottir, Katrin Osk"]
[WhiteElo "1844"]
[BlackElo "1485"]
[Result "1-0"]
[EventDate "2025.04.09"]
[PlyCount "83"]

1. f4 Nf6 2. Nf3 d5 3. g3 Nc6 4. Bg2 Bf5 5. d3 e6 6. O-O Bd6 7. c3 O-O 8. Qe1 Ne7
9. h3 h6 10. Nbd2 c5 11. e4 dxe4 12. dxe4 Bxe4 13. Nxe4 Nxe4 14. Qxe4 Qb6 15. Nh4
Rab8 16. Rb1 Rfc8 17. Kh2 Qc7 18. Rf3 b6 19. f5 exf5 20. Nxf5 Nxf5 21. Qxf5 Re8 22.
Bf4 Bxf4 23. Qxf4 Qd7 24. Rbf1 f6 25. R3f2 Rbd8 26. Be4 Re5 27. Bc2 Rh5 28. Bf5 Qc6
29. g4 Rh4 30. Be4 Qd7 31. Kg3 Qe7 32. Bg6 Rxg4+ 33. hxg4 Rd6 34. Qc4+ Qe6 35. Qxe6+
Rxe6 36. Rd1 Re3+ 37. Kf4 Kf8 38. Kxe3 a5 39. Rd7 b5 40. Kf4 b4 41. Re2 bxc3 42.
Re8#  1-0

[Event "38th Reykjavik op"]
[Site "Reykjavik ISL"]
[Date "2025.04.09"]
[Round "1.175"]
[White "Dickson, Eric"]
[Black "Carr, Jay"]
[WhiteElo "1475"]
[BlackElo "1843"]
[Result "0-1"]
[EventDate "2025.04.09"]
[PlyCount "56"]

1. d4 Nf6 2. Nf3 e6 3. e3 b6 4. Be2 Bb7 5. O-O Be7 6. a3 O-O 7. b4 c5 8. c3 Qc7 9.
Nbd2 d6 10. Bb2 Nbd7 11. c4 Rac8 12. b5 Qb8 13. Qb3 cxd4 14. exd4 d5 15. cxd5 Nxd5
16. Nc4 Nf4 17. Qe3 Nxe2+ 18. Qxe2 Bxf3 19. gxf3 Qf4 20. Ne5 Bd6 21. Qe3 Bxe5 22.
dxe5 Qf5 23. Kh1 Nc5 24. Rg1 Qc2 25. Rac1 Qxb2 26. Rxg7+ Kh8 27. Qh6 Qxc1+ 28. Kg2
Qxh6  0-1